System software : an introduction to systems programming / (Record no. 61939)

000 -LEADER
fixed length control field 01156pam a2200289 a 4500
001 - CONTROL NUMBER
control field 690446
003 - CONTROL NUMBER IDENTIFIER
control field NUST-PNEC
005 - DATE AND TIME OF LATEST TRANSACTION
control field 20170116180735.0
008 - FIXED-LENGTH DATA ELEMENTS--GENERAL INFORMATION
fixed length control field 960522s1997 maua b 001 0 eng
010 ## - LIBRARY OF CONGRESS CONTROL NUMBER
LC control number 96022968
020 ## - INTERNATIONAL STANDARD BOOK NUMBER
International Standard Book Number 0201423006
020 ## - INTERNATIONAL STANDARD BOOK NUMBER
International Standard Book Number 0201435667
040 ## - CATALOGING SOURCE
Original cataloging agency DLC
Transcribing agency PNEC
050 00 - LIBRARY OF CONGRESS CALL NUMBER
Classification number QA76.66
Item number .B42 1997
082 00 - DEWEY DECIMAL CLASSIFICATION NUMBER
Classification number 005.42 BEC
Edition number 20
100 1# - MAIN ENTRY--PERSONAL NAME
Personal name Beck, Leland L.
245 10 - TITLE STATEMENT
Title System software : an introduction to systems programming /
Statement of responsibility, etc. Leland L. Beck.
250 ## - EDITION STATEMENT
Edition statement 3rd ed.
260 ## - PUBLICATION, DISTRIBUTION, ETC.
Place of publication, distribution, etc. Reading, Mass. :
Name of publisher, distributor, etc. Addison-Wesley,
Date of publication, distribution, etc. c1997.
300 ## - PHYSICAL DESCRIPTION
Extent xiii, 519 p. :
Other physical details ill. ;
Dimensions 24 cm.
500 ## - GENERAL NOTE
General note Includes index, bibliographical & references (p. 507-509).
650 #0 - SUBJECT ADDED ENTRY--TOPICAL TERM
Topical term or geographic name entry element Systems programming (Computer science)
General subdivision MIS, Computer
856 ## - ELECTRONIC LOCATION AND ACCESS
Uniform Resource Identifier <a href="http://www.amazon.com/System-Software-Introduction-Systems-Programming/dp/0201423006/ref=sr_1_1?s=books&ie=UTF8&qid=1416753443&sr=1-1&keywords=system+software+an+introduction+to+systems+programming">http://www.amazon.com/System-Software-Introduction-Systems-Programming/dp/0201423006/ref=sr_1_1?s=books&ie=UTF8&qid=1416753443&sr=1-1&keywords=system+software+an+introduction+to+systems+programming</a>
906 ## - LOCAL DATA ELEMENT F, LDF (RLIN)
a 7
b cbc
c orignew
d 1
e ocip
f 19
g y-gencatlg
942 ## - ADDED ENTRY ELEMENTS (KOHA)
Source of classification or shelving scheme
Koha item type Book
Holdings
Withdrawn status Lost status Source of classification or shelving scheme Damaged status Not for loan Permanent Location Current Location Shelving location Date acquired Source of acquisition Cost, normal purchase price Total Checkouts Full call number Barcode Date last seen Cost, replacement price Price effective from Koha item type
          Pakistan Navy Engineering College (PNEC) Pakistan Navy Engineering College (PNEC)   10/18/2001 NUST Recurring 95.00   005.42 BEC PNECLIB-023066 11/23/2014 95.00 10/18/2001 Book
© 2023 Central Library, National University of Sciences and Technology. All Rights Reserved.